Podnikateľský zámer malého a stredného podniku bakalárska práca

Guardado en:
Detalles Bibliográficos
Autor principal: Režná, Daniela
Autor Corporativo: Fakulta podnikového manažmentu EU. Katedra podnikovohospodárska
Otros Autores: Bartoš, Adam
Formato: Libro
Lenguaje:eslovaco
Publicado: Bratislava 2018
Etiquetas: Agregar Etiqueta
Sin Etiquetas, Sea el primero en etiquetar este registro!

MARC

LEADER 00000nbm a2200000 4500
001 0244889
005 20181009112458.5
041 0 |a slo 
044 |a SK 
245 1 0 |a Podnikateľský zámer malého a stredného podniku  |b bakalárska práca  |c Daniela Režná ; školiteľ: Adam Bartoš 
264 1 |a Bratislava  |c 2018 
300 |a 63 s. 
100 1 |a Režná, Daniela 
700 1 |a Bartoš, Adam 
710 2 |a Fakulta podnikového manažmentu EU. Katedra podnikovohospodárska